[Event "New Zealand Junior Chp"]
[Site "Waitakere"]
[Date "2012.07.04"]
[Round "3.5"]
[White "Geng, Karen Jingyi"]
[Black "Zhang, William Jiewen"]
[Result "0-1"]
[WhiteElo "1425"]
[BlackElo "1864"]
[PlyCount "70"]
[EventDate "2012.07.06"]
[EventType "swiss"]
[EventRounds "7"]
[EventCountry "NZL"]
[SourceDate "2012.09.09"]

1. d4 Nf6 2. c4 g6 3. Nc3 Bg7 4. Bf4 d6 5. Nf3 O-O 6. g3 Nbd7 7. Bg2 Nh5 8. Qd2
Nxf4 9. gxf4 c5 10. O-O-O cxd4 11. Nxd4 a6 12. f5 Ne5 13. fxg6 hxg6 14. b3 Rb8
15. h4 Ng4 16. h5 e5 17. hxg6 exd4 18. gxf7+ Rxf7 19. Bd5 dxc3 20. Bxf7+ Kxf7
21. Qd5+ Be6 22. Qf3+ Qf6 23. Qg3 c2 24. Kd2 cxd1=R+ 25. Rxd1 Qb2+ 26. Ke1 Qc3+
27. Qxc3 Bxc3+ 28. Kf1 Rh8 29. Rxd6 Rh1+ 30. Kg2 Rh2+ 31. Kg1 Rxf2 32. e3 Be5
33. Rd3 Bf5 34. Rd5 Bh2+ 35. Kh1 Be4# 0-1

[Event "New Zealand Junior Chp"]
[Site "Waitakere"]
[Date "2012.07.04"]
[Round "3.6"]
[White "Qin, Joy Shu Yan"]
[Black "Lam, Byron"]
[Result "1/2-1/2"]
[WhiteElo "1485"]
[BlackElo "1783"]
[PlyCount "101"]
[EventDate "2012.07.06"]
[EventType "swiss"]
[EventRounds "7"]
[EventCountry "NZL"]
[SourceDate "2012.09.09"]

1. e4 c6 2. d4 d5 3. Nc3 dxe4 4. Nxe4 Bf5 5. Ng3 Bg6 6. Nf3 Nd7 7. c3 Ngf6 8.
Bd3 Bxd3 9. Qxd3 e6 10. O-O Bd6 11. Ng5 Qc7 12. N5e4 Nxe4 13. Qxe4 Nf6 14. Qf3
h5 15. h3 O-O-O 16. Bg5 h4 17. Ne4 Bh2+ 18. Kh1 Rdg8 19. Nxf6 gxf6 20. Bxf6 Rh6
21. Rfe1 Rhg6 22. Be5 Bxe5 23. Rxe5 Rxg2 24. Rae1 R8g5 25. Qxg2 Rxg2 26. Kxg2
Qb6 27. b3 Qa6 28. R1e2 Qd3 29. R5e3 Qg6+ 30. Kh2 Kd7 31. Re4 Qf6 32. Kg2 c5
33. dxc5 Qxc3 34. b4 Qd3 35. R2e3 Qd5 36. Kg1 Qh5 37. Rd3+ Ke7 38. Rdd4 Qg6+
39. Kh2 Qf6 40. Rf4 Qe5 41. Rde4 Qb2 42. Kg2 Qxa2 43. Rxh4 Qd5 44. f3 Qg5+ 45.
Reg4 Qd2+ 46. Kg3 Qe1+ 47. Kg2 Qe2+ 48. Kg3 Qe1+ 49. Kg2 Qe2+ 50. Kg3 Qe1+ 51.
Kg2 1/2-1/2

[Event "New Zealand Junior Chp"]
[Site "Waitakere"]
[Date "2012.07.04"]
[Round "3.7"]
[White "Yan, Caroline"]
[Black "Rains, Timothy"]
[Result "0-1"]
[WhiteElo "1056"]
[BlackElo "1770"]
[PlyCount "132"]
[EventDate "2012.07.06"]
[EventType "swiss"]
[EventRounds "7"]
[EventCountry "NZL"]
[SourceDate "2012.09.09"]

1. e4 c5 2. Nf3 Nc6 3. Nc3 g6 4. Bb5 Bg7 5. Bxc6 bxc6 6. O-O d5 7. d3 Bg4 8.
Bd2 Nf6 9. e5 Nd7 10. h3 Bxf3 11. Qxf3 Nxe5 12. Qe2 O-O 13. Bf4 Nd7 14. Rfe1 e6
15. Bd6 Re8 16. Bf4 Qa5 17. Bd2 Qa6 18. Qf3 c4 19. Qg3 cxd3 20. Qxd3 Qxd3 21.
cxd3 c5 22. Bf4 Nb6 23. Be5 c4 24. Bxg7 Kxg7 25. d4 Rab8 26. Nb5 Re7 27. a4
Nxa4 28. Rxa4 Rxb5 29. Re2 Reb7 30. Ra2 Rb3 31. f3 Rd3 32. Kf2 Rxd4 33. Ke3
Rd3+ 34. Kf2 Rdb3 35. Ke1 a5 36. Kd1 a4 37. Kc1 a3 38. Rxa3 Rxa3 39. bxa3 d4
40. Rb2 Ra7 41. Ra2 f5 42. f4 Ra4 43. h4 Kf6 44. Kd2 e5 45. g3 e4 46. Ra1 Ke6
47. Ke2 Kd5 48. Kd2 c3+ 49. Kc2 Kc4 50. Ra2 d3+ 51. Kc1 Kb3 52. Ra1 d2+ 53. Kd1
Rxa3 54. Rxa3+ Kxa3 55. g4 Kb2 56. gxf5 gxf5 57. h5 c2+ 58. Kxd2 c1=Q+ 59. Ke2
e3 60. Kf3 Qg1 61. Ke2 Qf2+ 62. Kd3 e2 63. Kc4 e1=Q 64. h6 Qc2+ 65. Kd5 Qee4+
66. Kd6 Qcc6# 0-1

[Event "New Zealand Junior Chp"]
[Site "Waitakere"]
[Date "2012.07.04"]
[Round "3.8"]
[White "James, Jack"]
[Black "Yan, Sarah"]
[Result "1-0"]
[WhiteElo "1764"]
[BlackElo "1075"]
[PlyCount "117"]
[EventDate "2012.07.06"]
[EventType "swiss"]
[EventRounds "7"]
[EventCountry "NZL"]
[SourceDate "2012.09.09"]

1. e4 e5 2. f4 Nc6 3. Nf3 d6 4. Nc3 Nf6 5. Bb5 Be7 6. d3 Bg4 7. h3 Bxf3 8. Qxf3
O-O 9. Bxc6 bxc6 10. O-O exf4 11. Bxf4 d5 12. Rae1 Bc5+ 13. Kh1 Rb8 14. Bg5 Be7
15. exd5 Re8 16. dxc6 Rxb2 17. Ne4 Rxc2 18. Nxf6+ Bxf6 19. Bxf6 gxf6 20. Rxe8+
Qxe8 21. Qg3+ Kf8 22. Qxc7 Qxc6 23. Qxc6 Rxc6 24. Rf2 Kg7 25. Rd2 f5 26. Kg1
Kf6 27. Kf2 Rd6 28. Ke3 Ke5 29. d4+ Ke6 30. Kf4 a5 31. a3 Kf6 32. d5 h5 33. h4
a4 34. g3 Rd8 35. d6 Ke6 36. d7 Rxd7 37. Rxd7 Kxd7 38. Kxf5 Kd6 39. Kg5 Kc5 40.
Kxh5 Kc4 41. Kg5 Kb3 42. h5 Kxa3 43. h6 Kb3 44. h7 a3 45. h8=Q a2 46. Qa1 Ka3
47. Kf6 Kb4 48. Qxa2 Kc5 49. Qxf7 Kd4 50. Qe6 Kd3 51. Qe5 Kc4 52. Qd6 Kb5 53.
Qc7 Kb4 54. Ke5 Kb3 55. Kd4 Kb2 56. Qc3+ Ka2 57. Qb4 Ka1 58. Kc3 Ka2 59. Qb2#
1-0

[Event "New Zealand Junior Chp"]
[Site "Waitakere"]
[Date "2012.07.04"]
[Round "3.9"]
[White "Kolev, Hristo"]
[Black "Rains, Jessica"]
[Result "1-0"]
[WhiteElo "1733"]
[BlackElo "1127"]
[PlyCount "75"]
[EventDate "2012.07.06"]
[EventType "swiss"]
[EventRounds "7"]
[EventCountry "NZL"]
[SourceDate "2012.09.09"]

1. d4 g6 2. c4 Bg7 3. Nc3 c5 4. d5 e6 5. e4 Nf6 6. f4 Nh5 7. Nf3 d6 8. Be2 e5
9. fxe5 Bg4 10. O-O Bxf3 11. Bxf3 Bxe5 12. Bxh5 Qh4 13. Qg4 Qxh2+ 14. Kf2 Qxh5
15. Qxh5 gxh5 16. Rh1 Nd7 17. Nb5 O-O-O 18. Nxa7+ Kc7 19. Nb5+ Kb8 20. Rb1 b6
21. Bg5 f6 22. Bh4 Rhg8 23. Rh2 Kb7 24. Bg3 Rdf8 25. Nxd6+ Kc7 26. Nf5 Bxg3+
27. Nxg3 Ne5 28. b3 Ng6 29. Rxh5 Rg7 30. Rbh1 Rh8 31. Nf5 Rd7 32. g3 Kc8 33.
Ke3 Ra7 34. Nd6+ Kb8 35. R1h2 Ne5 36. Kf4 Rg7 37. Nf5 Rg4+ 38. Ke3 {
and the rest is unintelligible,} 1-0

[Event "New Zealand Junior Chp"]
[Site "Waitakere"]
[Date "2012.07.04"]
[Round "3.10"]
[White "Zhu, Martin"]
[Black "Zhu, Karl Kai"]
[Result "0-1"]
[WhiteElo "1220"]
[BlackElo "1660"]
[PlyCount "62"]
[EventDate "2012.07.06"]
[EventType "swiss"]
[EventRounds "7"]
[EventCountry "NZL"]
[SourceDate "2012.09.09"]

1. e4 c5 2. Nf3 e6 3. d4 cxd4 4. Nxd4 a6 5. Nc3 Qc7 6. Be2 Nc6 7. O-O Nf6 8.
Be3 Be7 9. f4 O-O 10. e5 Ne8 11. Ne4 Nxd4 12. Bxd4 f5 13. Ng3 Bc5 14. c3 d6 15.
Bxc5 dxc5 16. Qc2 b6 17. Rad1 Bb7 18. Rd2 c4 19. Rfd1 Qc5+ 20. Kh1 Nc7 21. b3
cxb3 22. axb3 Nd5 23. Rc1 Ne3 24. Qb1 Nxg2 25. Bf1 Nxf4+ 26. Bg2 Nxg2 27. Rxg2
Bxg2+ 28. Kxg2 Qxe5 29. Re1 Qxc3 30. Rxe6 Qd4 31. Qf1 Qd5+ 0-1

[Event "New Zealand Junior Chp"]
[Site "Waitakere"]
[Date "2012.07.04"]
[Round "3.11"]
[White "Zhu, Leo Lei"]
[Black "Huang, Nicholas"]
[Result "1-0"]
[WhiteElo "1652"]
[BlackElo "1042"]
[PlyCount "39"]
[EventDate "2012.07.06"]
[EventType "swiss"]
[EventRounds "7"]
[EventCountry "NZL"]
[SourceDate "2012.09.09"]

1. e4 e6 2. d4 d5 3. Nc3 Bb4 4. e5 Bxc3+ 5. bxc3 Nc6 6. Qg4 g6 7. Bd3 Nge7 8.
Bg5 h6 9. Bf6 Rg8 10. Ne2 Na5 11. h4 b6 12. h5 Qd7 13. hxg6 Nxg6 14. Bxg6 fxg6
15. Rxh6 Qf7 16. Qh4 Qf8 17. Rh7 Qa3 18. Re7+ Kf8 19. Qh6+ Rg7 20. Qxg7# 1-0

[Event "New Zealand Junior Chp"]
[Site "Waitakere"]
[Date "2012.07.04"]
[Round "3.12"]
[White "Qian, Bella"]
[Black "Zhan, Judd"]
[Result "0-1"]
[WhiteElo "1100"]
[BlackElo "1542"]
[PlyCount "62"]
[EventDate "2012.07.06"]
[EventType "swiss"]
[EventRounds "7"]
[EventCountry "NZL"]
[SourceDate "2012.09.09"]

1. e4 g6 2. d4 Bg7 3. Nf3 c5 4. Be3 cxd4 5. Bxd4 Nf6 6. Bd3 Nc6 7. Be3 O-O 8.
Qd2 Ng4 9. Bf4 Bxb2 10. c3 Bxa1 11. Na3 Qa5 12. Nb1 d6 13. h3 Nge5 14. Nxe5
Nxe5 15. Bh6 Rd8 16. O-O Nxd3 17. Qxd3 Be6 18. Qd4 Qe5 19. Qd3 Bxa2 20. Bd2
Rac8 21. Rc1 Bb2 22. Rd1 Bxb1 23. Rxb1 Bxc3 24. Be3 d5 25. exd5 Rxd5 26. Qe2
Rcd8 27. Qf1 Qe4 28. Qc1 Qxb1 29. Qxb1 Rd1+ 30. Qxd1 Rxd1+ 31. Kh2 a5 0-1

[Event "New Zealand Junior Chp"]
[Site "Waitakere"]
[Date "2012.07.04"]
[Round "3.13"]
[White "Qin, Nicole Shu Yu"]
[Black "White, Luke"]
[Result "0-1"]
[WhiteElo "1013"]
[BlackElo "1454"]
[PlyCount "53"]
[EventDate "2012.07.06"]
[EventType "swiss"]
[EventRounds "7"]
[EventCountry "NZL"]
[SourceDate "2012.09.09"]

1. e4 c5 2. Nf3 d6 3. d4 cxd4 4. Nxd4 Nf6 5. Nc3 a6 6. Be2 e5 7. Nf3 Be7 8. O-O
O-O 9. Be3 Be6 10. Qd3 Qc7 11. Ng5 Qd7 12. Nxe6 Qxe6 13. Qc4 Qxc4 14. Bxc4 Nbd7
15. Rad1 Nc5 16. Bxc5 dxc5 17. Rd3 Rad8 18. Rfd1 Rd4 19. Bd5 Nxd5 20. Nxd5 Bd6
21. Nc3 h6 22. h3 Rd8 23. f3 Be7 24. Nd5 Bd6 25. Nc3 Bb8 26. Nd5 Bd6 27. Nc3
0-1

[Event "New Zealand Junior Chp"]
[Site "Waitakere"]
[Date "2012.07.04"]
[Round "3.14"]
[White "Jiang, Richard"]
[Black "Tang, Ally"]
[Result "1-0"]
[WhiteElo "1452"]
[BlackElo "984"]
[PlyCount "83"]
[EventDate "2012.07.06"]
[EventType "swiss"]
[EventRounds "7"]
[EventCountry "NZL"]
[SourceDate "2012.09.09"]

1. e4 c5 2. c3 Nc6 3. d4 e6 4. Bf4 d5 5. exd5 exd5 6. Nf3 Nf6 7. Bd3 Be7 8.
Nbd2 c4 9. Bc2 O-O 10. O-O Re8 11. Ne5 Bd6 12. Ndf3 Bg4 13. Nxg4 Bxf4 14. Nxf6+
Qxf6 15. Re1 g6 16. Ba4 a6 17. Bxc6 Qxc6 18. Ne5 Qc7 19. Ng4 Kg7 20. g3 Rxe1+
21. Qxe1 h5 22. gxf4 hxg4 23. Qe5+ Qxe5 24. fxe5 Re8 25. Re1 f6 26. exf6+ Kxf6
27. Rxe8 b6 28. Kg2 Kf5 29. Re5+ Kf4 30. Rxd5 b5 31. Re5 a5 32. Re1 b4 33. d5
a4 34. a3 bxc3 35. bxc3 Kg5 36. d6 Kh4 37. d7 Kh5 38. d8=Q Kh6 39. Qh4+ Kg7 40.
Re7+ Kg8 41. Qf6 g5 42. Qg7# 1-0

[Event "New Zealand Junior Chp"]
[Site "Waitakere"]
[Date "2012.07.04"]
[Round "3.16"]
[White "Zhang, Jasmine"]
[Black "Zhu, Crystal"]
[Result "1-0"]
[WhiteElo "1010"]
[BlackElo "1223"]
[PlyCount "171"]
[EventDate "2012.07.06"]
[EventType "swiss"]
[EventRounds "7"]
[EventCountry "NZL"]
[SourceDate "2012.09.09"]

1. e4 e6 2. d4 d5 3. e5 c5 4. c3 Nc6 5. Nf3 Bd7 6. Na3 Qb6 7. Nc2 cxd4 8. cxd4
Rc8 9. Rb1 Bb4+ 10. Bd2 Bxd2+ 11. Qxd2 Nge7 12. Be2 O-O 13. O-O Kh8 14. Rfe1
Nf5 15. Red1 Qa5 16. a3 Qxd2 17. Rxd2 Na5 18. Ne3 Nxe3 19. fxe3 Nc4 20. Rd3 h6
21. Rc3 b5 22. Kf2 a5 23. Bd3 Kg8 24. Rcc1 Nxb2 25. Bh7+ Kxh7 26. Rxc8 Rxc8 27.
Rxb2 Rc3 28. Ra2 b4 29. axb4 axb4 30. Rb2 b3 31. Ke2 Ba4 32. Kd2 Rc7 33. Ne1 f5
34. Nd3 Rc2+ 35. Rxc2 bxc2 36. Nc5 Be8 37. Nxe6 Bf7 38. Nc5 Kg8 39. Kxc2 Kf8
40. Kd2 Ke7 41. Ke2 g5 42. Kf3 Bh5+ 43. Kg3 Bg6 44. h4 Bf7 45. hxg5 hxg5 46.
Kh3 Bh5 47. Kg3 Bf7 48. Nd3 Be6 49. Nf2 Kf7 50. Kf3 Kg6 51. Kg3 Kh5 52. Nd3 Kg6
53. Nc5 Bf7 54. Na6 Kg7 55. Nc7 Kf8 56. e6 Bg8 57. Nxd5 Bxe6 58. Nc7 Bd7 59.
Kf3 Bc6+ 60. Kg3 Ke7 61. Na6 Kf6 62. Nc5 Kg6 63. Kf2 Kf6 64. Nd3 Be4 65. Ne5
Ke6 66. Nf3 g4 67. Ng5+ Kd5 68. Nxe4 Kxe4 69. g3 Kd5 70. Kf1 Kd6 71. Ke2 Ke6
72. Kd2 Kd6 73. Kc3 Kd5 74. Kd3 Ke6 75. e4 Kf6 76. Ke3 Ke6 77. Kf4 fxe4 78.
Kxe4 Kd6 79. Kf4 Kd5 80. Kxg4 Kxd4 81. Kf4 Kd5 82. Kf5 Kd6 83. Kf6 Kd7 84. Kf7
Kd6 85. g4 Ke5 86. g5 1-0

[Event "New Zealand Junior Chp"]
[Site "Waitakere"]
[Date "2012.07.04"]
[Round "3.17"]
[White "Wei, Louie"]
[Black "Yu, Johnson"]
[Result "0-1"]
[WhiteElo "583"]
[BlackElo "1297"]
[PlyCount "112"]
[EventDate "2012.07.06"]
[EventType "swiss"]
[EventRounds "7"]
[EventCountry "NZL"]
[SourceDate "2012.09.09"]

1. e4 c5 2. b3 e6 3. Bb2 d5 4. f3 d4 5. d3 Nc6 6. c3 e5 7. cxd4 cxd4 8. Ne2 Be6
9. f4 Bd6 10. f5 Bd7 11. Nd2 Nf6 12. Nc4 Bb4+ 13. Nd2 Ng4 14. Nxd4 Bxd2+ 15.
Kxd2 Qg5+ 16. Ke1 Nxd4 17. Bxd4 exd4 18. Qc1 Qe3+ 19. Qxe3 Nxe3 20. Rc1 Nxf1
21. Rxf1 Rc8 22. Rxc8+ Bxc8 23. Ke2 Ke7 24. Rc1 f6 25. Rc7+ Kd6 26. Rc4 Ke5 27.
Rc5+ Kf4 28. g3+ Kg4 29. Kf2 g6 30. fxg6 hxg6 31. Kg2 f5 32. a4 Be6 33. Re5
Bxb3 34. Re7 Bxa4 35. Rg7 Kg5 36. h4+ Kf6 37. Rxb7 fxe4 38. dxe4 Bc6 39. Rxa7
Bxe4+ 40. Kf2 Ra8 41. Rxa8 Bxa8 42. Ke2 Be4 43. Kd2 g5 44. hxg5+ Kxg5 45. Ke2
Kg4 46. Kd2 Kxg3 47. Ke2 d3+ 48. Ke3 Bh7 49. Kd2 Kf3 50. Kc3 Ke3 51. Kb2 Ke2
52. Kc1 d2+ 53. Kb2 d1=Q 54. Kc3 Qd3+ 55. Kb2 Qc2+ 56. Ka1 Qb1# 0-1

[Event "New Zealand Junior Chp"]
[Site "Waitakere"]
[Date "2012.07.04"]
[Round "3.19"]
[White "Dong, Olivia"]
[Black "Fu, Alex"]
[Result "1-0"]
[WhiteElo "1250"]
[BlackElo "737"]
[PlyCount "83"]
[EventDate "2012.07.06"]
[EventType "swiss"]
[EventRounds "7"]
[EventCountry "NZL"]
[SourceDate "2012.09.09"]

1. d4 e6 2. Bf4 d5 3. e3 Bd6 4. Bg3 Nc6 5. Nf3 Bb4+ 6. c3 Bd6 7. Ne5 Bd7 8. Nd2
f6 9. Nxc6 Bxc6 10. Nf3 Nh6 11. Bd3 Nf5 12. Bxf5 Bxg3 13. Bxe6 Bxf2+ 14. Kxf2
Qe7 15. Bh3 Bd7 16. Qd3 Bxh3 17. gxh3 O-O-O 18. Qf5+ Rd7 19. Rhe1 b6 20. e4 g6
21. Qg4 f5 22. exf5 gxf5 23. Qxf5 Qf7 24. Qxf7 Rxf7 25. Re3 Rg8 26. Rae1 Kd7
27. Ke2 Rg2+ 28. Kd1 Rf2 29. Ne5+ Ke7 30. Nxf7+ Kxf7 31. Re7+ Kf6 32. R1e6+ Kg5
33. Rxh7 Rf1+ 34. Kc2 Rf2+ 35. Kb3 b5 36. h4+ Kg4 37. Rg6+ Kh3 38. Rhg7 Rxh2
39. Rg3+ Kxh4 40. R3g4+ Kh3 41. R4g6 a5 42. Rh7# 1-0

[Event "New Zealand Junior Chp"]
[Site "Waitakere"]
[Date "2012.07.04"]
[Round "3.20"]
[White "Feng, Dahlia"]
[Black "Tang, Tony"]
[Result "1-0"]
[WhiteElo "1022"]
[BlackElo "597"]
[PlyCount "87"]
[EventDate "2012.07.06"]
[EventType "swiss"]
[EventRounds "7"]
[EventCountry "NZL"]
[SourceDate "2012.09.09"]

1. d4 d5 2. Nf3 Nc6 3. g3 Bg4 4. Bg2 Bxf3 5. Bxf3 Nf6 6. Bf4 e6 7. b3 Bb4+ 8.
Bd2 Bxd2+ 9. Qxd2 O-O 10. O-O Qe7 11. c4 Rfe8 12. Nc3 dxc4 13. bxc4 Rad8 14. d5
exd5 15. cxd5 Nb4 16. e4 c6 17. Rfe1 Qc5 18. Rac1 h6 19. Bg2 Qc4 20. a3 Na6 21.
Na2 Qb5 22. Bf1 Qb6 23. Rb1 Qc7 24. Bg2 Ng4 25. Rbc1 Qe5 26. Nc3 cxd5 27. exd5
Qh5 28. h4 Rxe1+ 29. Rxe1 Nc5 30. Bf3 Nb3 31. Qf4 f5 32. Qc7 Rf8 33. d6 Nd4 34.
Qc4+ Rf7 35. Qxd4 g5 36. Re8+ Rf8 37. Rxf8+ Kxf8 38. d7 gxh4 39. d8=Q+ Kf7 40.
Q4d5+ Kg7 41. Qe6 hxg3 42. Qc7+ Kh8 43. Qec8+ Qe8 44. Qxe8# 1-0

[Event "New Zealand Junior Chp"]
[Site "Waitakere"]
[Date "2012.07.04"]
[Round "3.21"]
[White "Hill, Anthony"]
[Black "Jin, Sophia"]
[Result "0-1"]
[WhiteElo "717"]
[BlackElo "977"]
[PlyCount "54"]
[EventDate "2012.07.06"]
[EventType "swiss"]
[EventRounds "7"]
[EventCountry "NZL"]
[SourceDate "2012.09.09"]

1. d4 d5 2. Nc3 Nf6 3. Bg5 Nbd7 4. Nf3 h6 5. Bxf6 Nxf6 6. e3 e6 7. Bb5+ c6 8.
Be2 Be7 9. Ne5 O-O 10. O-O Ne4 11. Nxe4 dxe4 12. f3 f5 13. fxe4 fxe4 14. Rxf8+
Qxf8 15. Ng6 Qf6 16. Nxe7+ Qxe7 17. Bc4 b5 18. Bb3 a5 19. a4 Qg5 20. axb5 Qxe3+
21. Kh1 cxb5 22. Qg4 Qxd4 23. Bxe6+ Bxe6 24. Qxe6+ Kh8 25. c3 Qd3 26. Qc6 Rb8
27. Rxa5 Qf1# 0-1

[Event "New Zealand Junior Chp"]
[Site "Waitakere"]
[Date "2012.07.04"]
[Round "3.22"]
[White "Hill, Raymon"]
[Black "Wen, Victor"]
[Result "1-0"]
[WhiteElo "725"]
[BlackElo "418"]
[PlyCount "35"]
[EventDate "2012.07.06"]
[EventType "swiss"]
[EventRounds "7"]
[EventCountry "NZL"]
[SourceDate "2012.09.09"]

1. d4 Nf6 2. Bg5 e6 3. e4 h6 4. Bxf6 Qxf6 5. e5 Qd8 6. c3 d6 7. exd6 Bxd6 8.
Nf3 Nc6 9. Bb5 Bd7 10. O-O O-O 11. Nbd2 a6 12. Ba4 b5 13. Bc2 b4 14. Rb1 a5 15.
Ne4 Ne7 16. Qd3 Rc8 17. Nf6+ gxf6 18. Qh7# 1-0

[Event "New Zealand Junior Chp"]
[Site "Waitakere"]
[Date "2012.07.04"]
[Round "4.1"]
[White "Li, Zuhao Luke"]
[Black "Gao, Hans"]
[Result "1-0"]
[WhiteElo "2333"]
[BlackElo "2189"]
[PlyCount "83"]
[EventDate "2012.07.06"]
[EventType "swiss"]
[EventRounds "7"]
[EventCountry "NZL"]
[SourceDate "2012.09.09"]

1. d4 Nf6 2. c4 d6 3. Nc3 g6 4. e4 Bg7 5. f3 O-O 6. Be3 Nc6 7. Qd2 a6 8. Nge2
Rb8 9. Nc1 e5 10. d5 Nd4 11. N1e2 Nxe2 12. Bxe2 Ne8 13. g4 Qh4+ 14. Bf2 Qh6 15.
h4 Qxd2+ 16. Kxd2 c5 17. a3 Nc7 18. b4 b6 19. Rab1 Bd7 20. Rb2 f5 21. Be3 f4
22. Bf2 Rfc8 23. Rhb1 Ra8 24. bxc5 bxc5 25. Bd1 Be8 26. Rb7 Bf6 27. g5 Be7 28.
Na4 Bxa4 29. Bxa4 Kf8 30. Bd7 Bd8 31. Kd3 Ke7 32. Bxc8 Rxc8 33. R1b6 Ra8 34.
Be1 Kd7 35. Rb8 Rxb8 36. Rxb8 Ne8 37. Rb7+ Nc7 38. Ba5 Kc8 39. Ra7 Kb8 40.
Bxc7+ Bxc7 41. Rxa6 Kb7 42. Rc6 1-0

[Event "New Zealand Junior Chp"]
[Site "Waitakere"]
[Date "2012.07.04"]
[Round "4.2"]
[White "Rains, Edward"]
[Black "Tsoi, Nicole"]
[Result "1/2-1/2"]
[WhiteElo "1895"]
[BlackElo "1934"]
[PlyCount "71"]
[EventDate "2012.07.06"]
[EventType "swiss"]
[EventRounds "7"]
[EventCountry "NZL"]
[SourceDate "2012.09.09"]

1. e4 e6 2. d4 d5 3. Nc3 Bb4 4. e5 Ne7 5. Bd2 O-O 6. Nb5 Bxd2+ 7. Qxd2 Nbc6 8.
Nf3 a6 9. Nc3 f6 10. O-O-O fxe5 11. Nxe5 Nxe5 12. dxe5 c5 13. Kb1 Ng6 14. Re1
Qc7 15. f3 Nxe5 16. Qg5 Nc6 17. h4 Qf4 18. Bd3 Qxg5 19. hxg5 g6 20. Rh6 c4 21.
Be2 b5 22. g3 Rb8 23. f4 b4 24. Nd1 Nd4 25. Bg4 b3 26. axb3 cxb3 27. c3 Nf5 28.
Bxf5 exf5 29. Nf2 a5 30. Nd3 Rb7 31. Re5 Rd8 32. Nc5 Rb5 33. Nd3 Rb7 34. Nc5
Rb5 35. Nd3 Rb7 36. Nc5 1/2-1/2

[Event "New Zealand Junior Chp"]
[Site "Waitakere"]
[Date "2012.07.04"]
[Round "4.3"]
[White "Zhang, William Jiewen"]
[Black "Jia, Hao"]
[Result "0-1"]
[WhiteElo "1864"]
[BlackElo "1762"]
[PlyCount "76"]
[EventDate "2012.07.06"]
[EventType "swiss"]
[EventRounds "7"]
[EventCountry "NZL"]
[SourceDate "2012.09.09"]

1. d4 f5 2. Nf3 Nf6 3. g3 d5 4. Bg2 e6 5. O-O Bd6 6. c4 c6 7. b3 Qe7 8. a4 a5
9. Ba3 Na6 10. Bxd6 Qxd6 11. Na3 O-O 12. Nc2 b6 13. Qc1 Bb7 14. Rd1 Qc7 15. Qb2
c5 16. cxd5 Nxd5 17. Rac1 Qe7 18. Ne5 Rf6 19. dxc5 Nxc5 20. Nd4 Rc8 21. Bf3 g5
22. h3 h5 23. e3 f4 24. exf4 gxf4 25. Bxh5 fxg3 26. fxg3 Qg7 27. Bg4 Ne3 28.
Re1 Nxg4 29. Nxg4 Rf3 30. Kh2 Rcf8 31. Re2 Nd3 32. Nxf3 Nxb2 33. Nfe5 Nd3 34.
Nxd3 Ba6 35. Rd1 Rf3 36. Red2 Bxd3 37. Rxd3 Rxd3 38. Rxd3 Qb2+ 0-1

[Event "New Zealand Junior Chp"]
[Site "Waitakere"]
[Date "2012.07.04"]
[Round "4.4"]
[White "Zhan, Judd"]
[Black "Ang, Alphaeus Wei Ern"]
[Result "0-1"]
[WhiteElo "1542"]
[BlackElo "1814"]
[PlyCount "100"]
[EventDate "2012.07.06"]
[EventType "swiss"]
[EventRounds "7"]
[EventCountry "NZL"]
[SourceDate "2012.09.09"]

1. e4 Nc6 2. Nf3 d5 3. exd5 Qxd5 4. Nc3 Qd6 5. Bc4 Bf5 6. d3 e6 7. O-O Nf6 8.
a3 Be7 9. Re1 O-O 10. Bg5 h6 11. Bh4 Rad8 12. h3 a6 13. Bg3 Qd7 14. Nd2 Rfe8
15. Nde4 Nd5 16. Bxd5 exd5 17. Nd2 Bf6 18. Nf3 Bxc3 19. bxc3 f6 20. Qd2 Na7 21.
Rxe8+ Rxe8 22. Re1 Rxe1+ 23. Qxe1 Nb5 24. Nd4 Nxa3 25. Nxf5 Qxf5 26. Bxc7 Nxc2
27. Qe2 Na3 28. Bg3 Qc8 29. Qa2 Nb5 30. Qb3 Nxc3 31. f3 Qc6 32. Kf1 Nb5 33. Bf2
Kh7 34. Ke2 d4 35. Qc4 Qd6 36. Qc8 Qd5 37. Qc4 Qe5+ 38. Kd2 Qg5+ 39. Ke1 Qxg2
40. Bxd4 Qxf3 41. Bb2 Qh1+ 42. Kd2 Qg2+ 43. Ke1 Qxb2 44. Qe4+ f5 45. Qxf5+ g6
46. Qd5 Qb4+ 47. Kf1 Qf4+ 48. Ke1 Qh4+ 49. Kf1 Qxh3+ 50. Kf2 Qf5+ 0-1

[Event "New Zealand Junior Chp"]
[Site "Waitakere"]
[Date "2012.07.04"]
[Round "4.5"]
[White "Lam, Byron"]
[Black "Zhu, Leo Lei"]
[Result "1/2-1/2"]
[WhiteElo "1783"]
[BlackElo "1652"]
[PlyCount "72"]
[EventDate "2012.07.06"]
[EventType "swiss"]
[EventRounds "7"]
[EventCountry "NZL"]
[SourceDate "2012.09.09"]

1. e4 c5 2. c3 Nf6 3. e5 Nd5 4. d4 cxd4 5. cxd4 Nc6 6. Nf3 d6 7. Bc4 Nb6 8. Bb5
dxe5 9. Nxe5 Bd7 10. Nxd7 Qxd7 11. Nc3 e6 12. Qg4 a6 13. Bxc6 Qxc6 14. O-O g6
15. Bg5 Bg7 16. Rac1 Qd7 17. Rfd1 O-O 18. Qh4 Rfc8 19. Bf6 Bxf6 20. Qxf6 Nd5
21. Qf3 Nxc3 22. Rxc3 Rxc3 23. bxc3 Qa4 24. Rd2 Qa3 25. h3 Rc8 26. Rc2 b5 27.
d5 exd5 28. Qxd5 Qc5 29. Qb7 Qc6 30. Qe7 Re8 31. Qg5 Qd6 32. Qd2 Qxd2 33. Rxd2
Re1+ 34. Kh2 Rc1 35. Rd6 a5 36. Rd5 Rxc3 1/2-1/2

[Event "New Zealand Junior Chp"]
[Site "Waitakere"]
[Date "2012.07.04"]
[Round "4.6"]
[White "Wang, Luke Jintao"]
[Black "James, Jack"]
[Result "0-1"]
[WhiteElo "1283"]
[BlackElo "1764"]
[PlyCount "74"]
[EventDate "2012.07.06"]
[EventType "swiss"]
[EventRounds "7"]
[EventCountry "NZL"]
[SourceDate "2012.09.09"]

1. d4 Nf6 2. Nf3 g6 3. Bf4 Bg7 4. e3 O-O 5. c3 d6 6. Nbd2 c6 7. Qc2 b5 8. Bd3
Nbd7 9. h4 h5 10. Ng5 Qe8 11. O-O-O Nb6 12. Rdg1 c5 13. Nde4 c4 14. Be2 Nxe4
15. Nxe4 a5 16. g4 hxg4 17. Nxd6 exd6 18. Bxd6 Bf5 19. Qd1 Qe4 20. Bxf8 Qb1+
21. Kd2 Qxb2+ 22. Ke1 Qxc3+ 23. Kf1 Kxf8 24. Bxg4 Bd3+ 25. Be2 b4 26. h5 a4 27.
Bxd3 Qxd3+ 28. Qxd3 cxd3 29. hxg6 Nd5 30. gxf7 Nc3 31. Ke1 Kxf7 32. a3 b3 33.
Kd2 Ne4+ 34. Kc1 Rc8+ 35. Kb1 Rc2 36. Ka1 Nc3 37. Rb1 Ra2# 0-1

[Event "New Zealand Junior Chp"]
[Site "Waitakere"]
[Date "2012.07.04"]
[Round "4.7"]
[White "Zhang, Leo"]
[Black "Qin, Joy Shu Yan"]
[Result "1-0"]
[WhiteElo "1771"]
[BlackElo "1485"]
[PlyCount "79"]
[EventDate "2012.07.06"]
[EventType "swiss"]
[EventRounds "7"]
[EventCountry "NZL"]
[SourceDate "2012.09.09"]

1. e4 e6 2. d3 d5 3. Nd2 c5 4. Ngf3 Nc6 5. g3 Nf6 6. Bg2 Be7 7. O-O O-O 8. e5
Nd7 9. Re1 f6 10. exf6 Nxf6 11. Bh3 e5 12. Bxc8 Qxc8 13. Nxe5 Nxe5 14. Rxe5 Bd6
15. Re2 Qd7 16. Nf1 Rae8 17. Bd2 Rxe2 18. Qxe2 Ng4 19. f3 Re8 20. Qg2 Nf6 21.
Re1 Rxe1 22. Bxe1 Qb5 23. b3 c4 24. dxc4 dxc4 25. Qe2 Bc5+ 26. Kg2 Qa6 27.
Qxc4+ Qxc4 28. bxc4 Kf7 29. Bf2 Nd7 30. Bxc5 Nxc5 31. Kf2 Ke6 32. Ke3 g5 33.
Nd2 Ke5 34. h3 h5 35. Ne4 Nxe4 36. fxe4 b6 37. a3 a6 38. a4 a5 39. c3 g4 40. h4
1-0